Formalizácia procesu marketingového plánovania v MaSP na Slovensku
Analýza formalizácie procesu marketingového plánovania v malých a stredných podnikoch na Slovensku, keďže proces marketingového plánovania pomáha podnikom udržať si pozíciu na trhu a zlepšovať výkony.
Gespeichert in:
| 1. Verfasser: | |
|---|---|
| Weitere Verfasser: | |
| Format: | Buchkapitel |
| Sprache: | Slowakisch |
| Schlagworte: | |
| Tags: |
Keine Tags, Fügen Sie das erste Tag hinzu!
|
MARC
| LEADER | 00000nla a2200000 4500 | ||
|---|---|---|---|
| 001 | 0182790 | ||
| 005 | 20220322105127.3 | ||
| 041 | 0 | |a slo | |
| 044 | |a SK | ||
| 245 | 1 | 0 | |a Formalizácia procesu marketingového plánovania v MaSP na Slovensku |c Jaroslav Ďaďo, Kamila Valkovcová |
| 520 | |a Analýza formalizácie procesu marketingového plánovania v malých a stredných podnikoch na Slovensku, keďže proces marketingového plánovania pomáha podnikom udržať si pozíciu na trhu a zlepšovať výkony. | ||
| 610 | 2 | 0 | |a Slovensko |
| 610 | 2 | 0 | |a podnik malý |
| 610 | 2 | 0 | |a podnik stredný |
| 610 | 2 | 0 | |a analýza ekonomická |
| 610 | 2 | 0 | |a plán marketingový |
| 100 | 1 | |a Ďaďo, Jaroslav | |
| 700 | 1 | |a Valkovcová, Kamila | |